000 00784nam a2200253Ia 4500
003 OSt
005 20220918223808.0
006 a|||||r|||| 00| 0
007 ta
008 220917b |||||||| |||| 00| 0 eng d
024 _a225,167
037 _cTextual
040 _aARTS
_cARTS
_beng
041 _2eng
_aeng
082 _aW:(X:75).2.N, P5
100 _aBanerjee Nirmala Ed.
_9146667
245 0 _aDevelpoment, displacement and disparity
_b India in the last quarter of the twentieth century
260 _aNew Delhi
_bOrient Longman
_c2005
300 _axi, 286p.
_ccm.
650 _aPOLITICAL SCIENCE
700 _a Marjit Sugata Ed.
_9146668
942 _hW:(X:75).2.N, P5
_cTEXL
_2CC
999 _c279485
_d279485